LIBRARY & INFORMATION CENTRE, KCAET, TAVANUR

ONLINE PUBLIC ACCESS CATALOGUE (OPAC)

Textbook of food science and technology (Record no. 16303)

MARC details
000 -LEADER
fixed length control field 00408nam a22001577a 4500
003 - CONTROL NUMBER IDENTIFIER
control field OSt
008 - FIXED-LENGTH DATA ELEMENTS--GENERAL INFORMATION
fixed length control field 200820b ||||| |||| 00| 0 eng d
020 ## - INTERNATIONAL STANDARD BOOK NUMBER
ISBN 9789386478009
082 ## - DEWEY DECIMAL CLASSIFICATION NUMBER
Classification number 664
Item number AVA/TE
100 ## - MAIN ENTRY--AUTHOR NAME
Personal name Avantina Sharma
245 ## - TITLE STATEMENT
Title Textbook of food science and technology
250 ## - EDITION STATEMENT
Edition statement 3
260 ## - PUBLICATION, DISTRIBUTION, ETC. (IMPRINT)
Place of publication New Delhi
Name of publisher CBS Publishers and Distributors Pvt Ltd
Year of publication 2017
300 ## - PHYSICAL DESCRIPTION
Number of Pages 342
942 ## - ADDED ENTRY ELEMENTS (KOHA)
Koha item type Books
Holdings
Withdrawn status Lost status Damaged status Collection code Home library Current library Shelving location Date acquired Source of acquisition Cost, normal purchase price Full call number Accession Number Koha item type
      General Books KAUAET KAUAET Scheme 27/07/2020 Aman Book stall 450.00 664 AVA/TE BB 589 Book Bank scheme for SC students
free website counter